| 000 | 00337nam a22001457a 4500 | ||
|---|---|---|---|
| 020 | _a978-81-286-26104-4 | ||
| 082 |
_a823 _bEUR/A |
||
| 100 | _aEURO BOOKS | ||
| 245 |
_aAROUND THE WORLD IN 80 DAYS _bGREAT CLASSICS |
||
| 260 |
_aMUMBAI _bEURO BOOKS _c2010 |
||
| 300 | _a40 | ||
| 520 | _aSHORT STORY | ||
| 650 | _aSHORT STORY | ||
| 942 | _cBK | ||
| 999 |
_c3667 _d3667 |
||